000 00395 a2200157 4500
001 73675
020 _a8588543079
040 _cAnchieta - Colégio São Paulo
100 _aVieira, Luandino
240 1 0 _aLourentinho, Dona Antónia de Souza & Eu
_lpor
245 1 0 _aLourentinho, Dona Antónia de Souza & Eu
300 _a101
362 0 _a2004
650 4 _aFicção portuguesa
942 _cBK
999 _c73675
_d73675